00654nam a2200193 a 450000100100000000500170001000800410002702000150006804000250008308200150010810000320012324500740015525000110022926000540024030000210029404900090031595201190032499900170044300001896520200929165906.0100521q1988 mx r 000 0 spa d a968442020X aDO-SdBNPbspacBNPHU axxxbL333s1 aLarragaña, Ignacio94080510aSube Conmigo :bpara los que viven en común /cIgnacio Larragaña. a3a ed. aMéxico D. F. :bLibrería Parroquial,c[1988]. a229 p. ;c19 cm. aBNGR 001054708MOaGRbGRcCTd2010-05-21iLF1l0oxxx L333sp18965-10r2020-06-25w2020-06-25y4ZPréstamo en sala c18483d18483